000 00713nam a2200289Ia 4500
005 20260324123443.0
008 008 260324s9999 xx 000 0 eng d
020 _a9780203080351
037 _aEBOOK
040 _aCRL
040 _beng
040 _cCRL
041 _2eng
041 _aeng
084 _qCRL
100 _aMattia Toaldo
_91170365
245 4 _aThe Origins of the US War on Terror
245 0 _bLebanon, Libya and American Intervention in the Middle East
260 _bTaylor and Francis
260 _c2012
365 _a
365 _b240
856 _uhttp://www.taylorfrancis.com/books/9780203080351
942 _cEBOOK
999 _c1763904
_d1763904